Effective classroom management and making the first days of classes significant to the learners: (Record no. 629)
[ view plain ]
| 000 -LEADER | |
|---|---|
| fixed length control field | 00729nam a22001817a 4500 |
| 005 - DATE AND TIME OF LATEST TRANSACTION | |
| control field | 20230617055411.0 |
| 008 - FIXED-LENGTH DATA ELEMENTS--GENERAL INFORMATION | |
| fixed length control field | 230124b |||||||| |||| 00| 0 eng d |
| 020 ## - INTERNATIONAL STANDARD BOOK NUMBER | |
| International Standard Book Number | 978-971-0391-62-2 |
| 082 ## - DEWEY DECIMAL CLASSIFICATION NUMBER | |
| Classification number | Fil. 371.1024 P314 2013 |
| 100 ## - MAIN ENTRY--PERSONAL NAME | |
| Personal name | Patron, Ida Y. |
| Relator term | author |
| 245 ## - TITLE STATEMENT | |
| Title | Effective classroom management and making the first days of classes significant to the learners: |
| Remainder of title | includes understanding the learner through differentiated instruction / |
| Statement of responsibility, etc. | Ida Y. Patron |
| 250 ## - EDITION STATEMENT | |
| Edition statement | rev. ed. |
| 260 ## - PUBLICATION, DISTRIBUTION, ETC. | |
| Place of publication, distribution, etc. | Quezon City: |
| Name of publisher, distributor, etc. | Great Books Publishing, |
| Date of publication, distribution, etc. | c2013. |
| 300 ## - PHYSICAL DESCRIPTION | |
| Extent | vii, 172p.: |
| Other physical details | ill. |
| 504 ## - BIBLIOGRAPHY, ETC. NOTE | |
| Bibliography, etc. note | Includes bibliographical references |
| 541 ## - IMMEDIATE SOURCE OF ACQUISITION NOTE | |
| Accession number | 3229 c.1, 3606 c.2, 3607 c.3, 3608 c.4, 4201 c.5 |
| 650 ## - SUBJECT ADDED ENTRY--TOPICAL TERM | |
| Topical term or geographic name entry element | Classroom management |
| Withdrawn status | Lost status | Source of classification or shelving scheme | Damaged status | Not for loan | Home library | Current library | Date acquired | Total Checkouts | Full call number | Barcode | Date last seen | Copy number | Price effective from | Koha item type |
|---|---|---|---|---|---|---|---|---|---|---|---|---|---|---|
| Dewey Decimal Classification | ctu-moalboal | ctu-moalboal | 01/29/2014 | Fil. 371.1024 P314 2013 | 3229 | 01/24/2023 | 1 | 01/24/2023 | Books-Filipiniana | |||||
| Dewey Decimal Classification | ctu-moalboal | ctu-moalboal | 06/17/2014 | Fil. 371.1024 P314 2013 | 3606 | 01/24/2023 | 2 | 01/24/2023 | Books-Filipiniana | |||||
| Dewey Decimal Classification | ctu-moalboal | ctu-moalboal | 06/17/2014 | Fil. 371.1024 P314 2013 | 3607 | 01/24/2023 | 3 | 01/24/2023 | Books-Filipiniana | |||||
| Dewey Decimal Classification | ctu-moalboal | ctu-moalboal | 06/17/2014 | Fil. 371.1024 P314 2013 | 3608 | 01/24/2023 | 4 | 01/24/2023 | Books-Filipiniana | |||||
| Dewey Decimal Classification | ctu-moalboal | ctu-moalboal | 11/01/2015 | Fil. 371.1024 P314 2013 | 4201 | 01/24/2023 | 5 | 01/24/2023 | Books-Filipiniana |